El saber. Curso sobre Foucault
Saved in:
| Main Author: | |
|---|---|
| Other Authors: | , |
| Format: | Book |
| Language: | Spanish |
| Published: |
Buenos Aires
Cactus
2013
|
| Edition: | 1a. ed |
| Series: | Serie Clases, 11
|
| Subjects: | |
| Tags: |
Add Tag
No Tags, Be the first to tag this record!
|
MARC
| LEADER | 00000cam a2200000 a 4500 | ||
|---|---|---|---|
| 001 | UCD1729 | ||
| 003 | CL-VaPUC | ||
| 005 | 20241127104741.0 | ||
| 008 | 160324e20130000ag |||||||||||||||||spa|d | ||
| 999 | |c 362999 |d 362997 | ||
| 020 | |a 9789872922405 | ||
| 040 | |c Pontificia Universidad Católica de Valparaíso | ||
| 082 | 0 | 4 | |a 194 |b DEL |2 21 |
| 100 | |a Deleuze, Gilles |e author |9 487836 | ||
| 245 | 1 | 3 | |a El saber. Curso sobre Foucault |
| 250 | |a 1a. ed | ||
| 260 | |a Buenos Aires |b Cactus |c 2013 | ||
| 300 | |a t | ||
| 490 | 0 | |a Serie Clases, 11 | |
| 583 | |a last modification |c 20160324 12:59:00 |k Rodrigo Vera | ||
| 600 | 0 | |a Foucault, Michel |9 257945 | |
| 650 | 0 | |a Análisis del discurso |9 256696 | |
| 650 | 0 | |a Estructuralismo |9 265696 | |
| 650 | 7 | |a FENOMELOGIA |2 CL-VaPUC |9 401887 | |
| 650 | 0 | |a Saber |9 367358 | |
| 700 | 1 | |a Ires, Pablo |e traductor |9 864051 | |
| 700 | 1 | |a Puente, Sebastián |e traductor |9 864052 | |
| 942 | |c BK |2 ddc | ||
| 945 | |d 20160324 12:59:00 |a arojas | ||
| 952 | |0 0 |1 0 |3 erb |4 0 |6 194_000000000000000_DEL_2013 |7 0 |8 R |9 474665 |a BIBEDU |b BIBEDU |c MCIRC |h t.1 |i 5267862 |l 1 |m 1 |o 194 DEL 2013 |p 5267862 |r 2025-01-13 |s 2024-12-12 |w 2019-11-24 |y BK_R |z Catalogado en:20160324 |k FIL | ||